| 000 | 01962nam a2200421 c 4500 | ||
|---|---|---|---|
| 003 | BLK | ||
| 005 | 20250307170538.0 | ||
| 008 | 180413b bul|||||r ||||||| ||bul|| | ||
| 010 | _aKNG00021588000 | ||
| 020 | _a978-954-18-0758-3 | ||
| 040 | _aBLK | ||
| 041 |
_aBUL _cBUL |
||
| 080 |
_aСъдържание, учебна програма, учебни предмети в предучилищното образование _b373.2.016 _z373.2.016 |
||
| 080 |
_aБългарска литература _b821.163.2 _x-93-2 _z821.163.2-93-2 |
||
| 100 |
_aТерзиева, Маргарита Тодорова _9253479 |
||
| 139 |
_aПразниците в детската градина _bП 84 |
||
| 245 | 1 | 0 |
_aПразниците в детската градина _bСб. със сценарии и разработки за ІІІ група _cМаргарита Тодорова Терзиева. |
| 257 | _aBGR | ||
| 260 |
_bБулвест 2000 _bАнубис _c2010 _fСофия : Вулкан _aСофия |
||
| 300 |
_a80 с. _c23 см |
||
| 380 | _a3 | ||
| 490 | _aПриказни пътечки)(Приятели | ||
| 500 | _aДруги авт. : М. Терзиева, К. Кръстева, Д. Стефанова, А. Николова, Р. Свирецова, О. Георгиева, М. Стефанова, Р. Стоянова, Ат. Мирчева. - Библиогр. с. 76-78. | ||
| 650 | 0 |
_aДетски градини - учебно-възпитателна работа _9245906 |
|
| 653 | _aдетски градини | ||
| 653 | _aпразници | ||
| 653 | _aучебно-възпитателна работа | ||
| 653 | _aсценарии | ||
| 659 | _aН | ||
| 852 | _aЦб 251371 | ||
| 856 | 4 |
_qpdf _u |
|
| 856 | 4 |
_qpdf _u |
|
| 942 |
_cKNG _n0 _05 |
||
| 944 |
_aCR _c25.03.2011 _lЦветомила Тодорова _k30576 |
||
| 944 |
_aED _c15.04.2011 _lф / |
||
| 999 |
_c19455 _d19455 |
||
| 999 | _d19455 | ||
| 999 | _d19455 | ||